La Tierra : (Registro nro. 37138)
[ vista simple ]
| 000 -CABECERA | |
|---|---|
| Longitud fija campo de control | 00985nam a2200289ua 4500 |
| 003 - • IDENTIFICADOR DELl NÚMERO DE CONTROL | |
| Identificador del número de control | CO-ViMGA |
| 005 - • FECHA Y HORA DE LA ÚLTIMA TRANSACCIÓN | |
| Fecha y hora de la última transacción | 20230915233607.0 |
| 008 - • CÓDIGOS DE INFORMACIÓN DE LONGITUD FIJA | |
| Códigos de información de longitud fija | 110727s2011 ck a gr 00010 spa d |
| 020 ## - • NÚMERO INTERNACIONAL NORMALIZADO PARA LIBROS | |
| Número Internacional Normalizado para Libros (ISBN) | 9789589048856 |
| 040 ## - FUENTE DE LA CATALOGACIÓN | |
| Centro catalogador de origen | CO-ViMGA |
| Lengua de catalogación | spa |
| Centro transcriptor | CO-ViMGA |
| 082 04 - • NÚMERO DE LA CLASIFICACIÓN DECIMAL DEWEY | |
| Número de clasificación (R) | I550 |
| Número de edición | 22 |
| Número del ítem | G63t |
| 100 1# - • PUNTO DE ACCESO PRINCIPAL-NOMBRE DE PERSONA | |
| Nombre de persona | Goldsmith, Mike. |
| 245 13 - • TITULO PROPIAMENTE DICHO | |
| Título | La Tierra : |
| Resto del título | la vida de un planeta / |
| Mención de responsabilidad, etc. | Mike Goldsmith ; ilustrador Mark Garlick. |
| 250 ## - • MENCIÓN DE EDICIÓN | |
| Mención de edición | Editora Diana Lp̤ez de Mesa O. |
| 300 ## - • DESCRIPCIÓN FÍSICA | |
| Extensión | 48 p. : |
| Otras características físicas | il., ; |
| Dimensiones | 29 cm. |
| 500 ## - • NOTA GENERAL | |
| Nota general | Incluye glosario e in̕dice. |
| 534 ## - • Nota De Versión Original | |
| -- | Tit̕ulo original : |
| Título | Earth: the life of a planet. |
| 650 14 - • PUNTO DE ACCESO ADICIONAL DE MATERIA - TÉRMINO DE MATERIA | |
| Término de materia o nombre geográfico como elemento inicial | Evolucion̤ (Biologia̕) |
| 650 14 - • PUNTO DE ACCESO ADICIONAL DE MATERIA - TÉRMINO DE MATERIA | |
| Término de materia o nombre geográfico como elemento inicial | Tierra (Planeta) |
| 650 14 - • PUNTO DE ACCESO ADICIONAL DE MATERIA - TÉRMINO DE MATERIA | |
| Término de materia o nombre geográfico como elemento inicial | Extincion̤ (Biologia̕) |
| 650 14 - • PUNTO DE ACCESO ADICIONAL DE MATERIA - TÉRMINO DE MATERIA | |
| Término de materia o nombre geográfico como elemento inicial | Origen de la vida. |
| 700 1# - • PUNTO DE ACCESO ADICIONAL - NOMBRE DE PERSONA | |
| Nombre de persona | Garlick, Mark Antony, |
| Fechas asociadas al nombre | 1968-, |
| Término indicativo de función | il. |
| 700 1# - • PUNTO DE ACCESO ADICIONAL - NOMBRE DE PERSONA | |
| Nombre de persona | Lop̤ez de Mesa O., Diana, |
| Término indicativo de función | ed. |
| 942 ## - ENTRADA DE ELEMENTOS AGREGADOS (KOHA) | |
| Fuente de clasificaión o esquema | Dewey Decimal Classification |
| Koha [por defecto] tipo de item | LIbro |
| Perdido | Fuente de clasificación o esquema | Estado Físico | No para préstamo | Forma de adquisición | Localización permanente | Localización actual | Fecha adquisición | Préstamos totales | Signatura completa | Código de barras | Fecha última consulta | Fecha del precio de reemplazo | Tipo de item de Koha |
|---|---|---|---|---|---|---|---|---|---|---|---|---|---|
| Dewey Decimal Classification | Sala Infantil Segundo Piso | Biblioteca Pública Germán Arciniegas - Villavicencio | Biblioteca Pública Germán Arciniegas - Villavicencio | 01/21/2020 | I550 G63t | 32970 | 01/21/2020 | 01/21/2020 | LIbro | ||||
| Dewey Decimal Classification | Sala Infantil Segundo Piso | Biblioteca Pública Germán Arciniegas - Villavicencio | Biblioteca Pública Germán Arciniegas - Villavicencio | 01/21/2020 | I550 G63t | 32969 | 01/21/2020 | 01/21/2020 | LIbro |